000 00673nam a2200217Ii 4500
003 JO-AjNU
008 230605s9999||||xx |||||||||||||| ||und||
017 _a2007/9/3006
040 _aJO-AjNU
_bara
_erda
_cJO-AjNU
041 _aara
050 1 4 _aQA76.M3338 2010
100 3 _aعيسى ، عبد الحكيم/ م مشارك عماد ابو الرب ,
_eauthor
_927371
245 0 0 _aمهارات الحاسوب
250 _aط2
264 3 1 _aعمان:دار المسيرة ، 2010
300 _a608ص
336 _atext
_btxt
_2rdacontent
337 _aunmediated
_bn
_2rdamedia
338 _avolume
_bnc
_2rdacarrier
650 4 _aمهارات الحاسوب
_927372
999 _aA10489
_c14057
_d14057